00731nam a2200157 a 450000100100000000500170001000800410002704000250006808200140009324501360010726000570024330000260030095201120032695201180043899900170055600002965920200930055717.0110419s19uu dr a r 000 0 spa d aDO-SdBNPbspacBNPHU axxxbB84600aBreve historia de una corporación que nació pequeña, allá por el año 1954 y que ha crecido ligada al progreso dominicano. aSanto Domingo :bEmpresas Álvarez Rivas,c[19--?]. a8 p. :bil. ;c29 cm. 0010718PDaPDbPDcHDd2011-04-19iLF1l0oxxx B846p29659-10r2020-06-25w2020-06-25yLFPDZNo se presta 0010718PDaPDbPDcHDd2011-04-27iLF1l0oxxx B846p29659-20r2020-06-25te. 2w2020-06-25yLFPDZNo se presta c29151d29151